000 00558nam a2200205Ia 4500
003 GCL
008 140319s9999 xx 000 0 aFre d
020 _a3822801623
040 _aGCL /
_cGCL
082 0 4 _a709.04042
_bE E
100 1 _aELGER, DIETMAR
245 1 0 _aEXPRESSIONNISME :
_bUNE REVOLUTION ARTISTIQUE ALLEMANDE /
_cELGER, DIETMAR
260 _aالمانيا :
_bBENEDIKT TASCHEN ،
_c1994
300 _a255 P
_bILL. ؛
_c30 cm.
650 0 4 _aARTS
650 0 4 _aPAINTING
650 0 4 _aPAINTERS
650 0 4 _aEXPRESSIONISM
942 _2ddc
_cBK
999 _c7748
_d7748